00000000nam##2200000za#4500
0019.661974
003CaOODSP
00520230503123605
007ta
008150407|2000||||xxc|||||     f|0| 0 fre|d
020 |a0-662-65068-9
040 |aCaOODSP|bfre
041 |aeng
041 |afre
043 |an-cn---
0861 |aT48-28/2000
1102 |aCentre de développement des transports (Canada)
24510|aAu service de l'innovation en transports
260 |aOttawa - Ontario : |bTransports Canada. |c2000.
546 |aBilingue
563 |aDépliant
590 |a01-10|b2001-03-09
69107|aTransport|2gcpds
7760#|tTransportation Development Centre : |w(CaOODSP)9.675651
791 |tWorking for innovation in transportation |eeng|w(CaOODSP)9.661973